ბათუმის შოთა რუსთაველის სახელმწიფო უნივერსიტეტის ბიბლიოთეკა

ძველი ქართველი მეხოტბენი (ბიბ.ჩანაწერი № 48929)

000 -LEADER
fixed length control field 01067nam a2200217Ia 4500
001 - CONTROL NUMBER
control field 15832
003 - CONTROL NUMBER IDENTIFIER
control field GE_BSU
008 - FIXED-LENGTH DATA ELEMENTS--GENERAL INFORMATION
fixed length control field 181216s||||||||xx |||||||||||||| ||und||
040 ## - CATALOGING SOURCE
Transcribing agency GE_BSU
080 ## - UNIVERSAL DECIMAL CLASSIFICATION NUMBER
Universal Decimal Classification number 821.353.1-1(092ჩახრუხაძე)
245 ## - TITLE STATEMENT
Title ძველი ქართველი მეხოტბენი
245 ## - TITLE STATEMENT
Remainder of title Древнегрузинские одописцы
245 ## - TITLE STATEMENT
Statement of responsibility, etc. [გამოკვლევა] / ჩახრუხაძე ; ტექსტი გამოსცა, გამოკვლევა და ლექსიკონი დაურთო ი.ა. ლოლაშვილმა
260 ## - PUBLICATION, DISTRIBUTION, ETC.
Place of publication, distribution, etc. თბილისი
260 ## - PUBLICATION, DISTRIBUTION, ETC.
Name of publisher, distributor, etc. საქ. სსრ მეცნ. აკად. გამ-ბა
260 ## - PUBLICATION, DISTRIBUTION, ETC.
Date of publication, distribution, etc. 1957
300 ## - PHYSICAL DESCRIPTION
Extent 270 გვ.22სმ.
653 ## - INDEX TERM--UNCONTROLLED
Uncontrolled term ქართველი მწერლები; ძველი ქართული სახოტბო ლიტერატურა
653 ## - INDEX TERM--UNCONTROLLED
Uncontrolled term ძველი ქართველი მეხოტბენი
942 ## - ADDED ENTRY ELEMENTS (KOHA)
Koha item type წიგნი
ეგზემპლარები
Withdrawn status Lost status Damaged status Not for loan Date acquired Barcode Date last seen Price effective from Koha item type
        2018-12-17 38698 2018-12-17 2018-12-17 წიგნი
        2018-12-17 38699 2018-12-17 2018-12-17 წიგნი